Manažment úverového rizika

Pohľad na riadenie úverového rizika banky, stručné zhrnutie Novej bazilejskej dohody o kapitály ako prostriedku stabilizácie finančného sektora a zachytenie možného vplyvu pravidiel BASEL II, hlavne v oblasti kreditného rizika, na dostupnosť úverov, a tým aj na financovanie podnikov. Keďže banky zoh...

Ausführliche Beschreibung

Gespeichert in:
Bibliographische Detailangaben
1. Verfasser: Vavrová, Katarína, 1960-
Format: Buchkapitel
Sprache:Slowakisch
Schlagworte:
Tags: Tag hinzufügen
Keine Tags, Fügen Sie das erste Tag hinzu!

MARC

LEADER 00000nla$a2200000$$$4500
001 0068590
005 20240502071830.4
041 0 |a slo 
044 |a SK 
245 1 0 |a Manažment úverového rizika  |c Katarína Vavrová 
520 |a Pohľad na riadenie úverového rizika banky, stručné zhrnutie Novej bazilejskej dohody o kapitály ako prostriedku stabilizácie finančného sektora a zachytenie možného vplyvu pravidiel BASEL II, hlavne v oblasti kreditného rizika, na dostupnosť úverov, a tým aj na financovanie podnikov. Keďže banky zohrávajú významnú úlohu pri financovaní potrieb podnikateľských subjektov, otázka riadenia rizikových pozícií bánk pri poskytovaní úverov je dôležitá aj pre samotné podniky. 
610 2 0 |a riadenie rizík 
610 2 0 |a riziko podnikateľské 
610 2 0 |a risk management 
610 2 0 |a audit externý 
610 2 0 |a primeranosť kapitálová 
100 1 |a Vavrová, Katarína, 1960-